<?xml version="1.0" encoding="UTF-8"?>
<collection xmlns:xsi="http://www.w3.org/2001/XMLSchema-instance" xsi:schemaLocation="http://www.loc.gov/MARC21/slim http://www.loc.gov/standards/marcxml/schema/MARC21slim.xsd" xmlns="http://www.loc.gov/MARC21/slim">
 <record>
  <leader>00000cam a22000003i 4500</leader>
  <controlfield tag="001">UP-1685594773861725881</controlfield>
  <controlfield tag="003">Buklod</controlfield>
  <controlfield tag="005">20250604143735.0</controlfield>
  <controlfield tag="006">j|||||||||||||| | </controlfield>
  <controlfield tag="007">ta</controlfield>
  <controlfield tag="008">160217s1994    xx      rd   |||| u|eng d</controlfield>
  <datafield tag="020" ind1=" " ind2=" ">
   <subfield code="a">9718967044</subfield>
  </datafield>
  <datafield tag="035" ind1=" " ind2=" ">
   <subfield code="a">(iLib)UPBAG-00006396475</subfield>
  </datafield>
  <datafield tag="037" ind1=" " ind2=" ">
   <subfield code="a">BC-31210</subfield>
   <subfield code="c">Php140.00</subfield>
  </datafield>
  <datafield tag="037" ind1=" " ind2=" ">
   <subfield code="a">BC-46323</subfield>
   <subfield code="c">Php200.00</subfield>
  </datafield>
  <datafield tag="040" ind1=" " ind2=" ">
   <subfield code="a">DML</subfield>
   <subfield code="d">BAG</subfield>
   <subfield code="e">rda</subfield>
  </datafield>
  <datafield tag="041" ind1="0" ind2=" ">
   <subfield code="a">eng</subfield>
  </datafield>
  <datafield tag="090" ind1=" " ind2="0">
   <subfield code="a">HM 101</subfield>
   <subfield code="b">A53</subfield>
  </datafield>
  <datafield tag="100" ind1="1" ind2=" ">
   <subfield code="a">Andres, Tomas Quintin D.</subfield>
   <subfield code="e">author.</subfield>
  </datafield>
  <datafield tag="245" ind1="1" ind2="0">
   <subfield code="a">Dictionary of Filipino culture and values</subfield>
   <subfield code="c">Tomas D. Andres.</subfield>
  </datafield>
  <datafield tag="264" ind1=" " ind2="1">
   <subfield code="a">Quezon City</subfield>
   <subfield code="b">Giraffe Books</subfield>
   <subfield code="c">1994.</subfield>
  </datafield>
  <datafield tag="300" ind1=" " ind2=" ">
   <subfield code="a">viii, 198 pages</subfield>
   <subfield code="c">23 cm.</subfield>
  </datafield>
  <datafield tag="520" ind1=" " ind2=" ">
   <subfield code="a">It aims to make readers see the practical wisdom inherent in the Filipino indigenous cultural and philosophical traditions reflected in Filipino values, and will be able to identify the practical wisdom and articulate the significance and positiveness of the Filipino values operative in his life. Intended for all Filipinos and all those who sympathize with Filipinos as a reference book for their lives, studies and courses. This dictionary includes the positiveness of Filipino culture and values. This is a reference book for Filipinos lives, studies and courses especially the Social Sciences, Behavioral Sciences and Religious Sciences at all levels. It hopes to bridge the gap between Filipinos and their culture and values. The compilation of this dictionary was undertaken because of the need for a dictionary of traditional and contemporary Filipino culture and values which has never been previously published. The author collected definitions, meanings, examples, and articles on Filipino culture and values.&quot; The dictionary has 31 subject categories covering the major divisions of knowledge: the natural sciences, the social sciences and humanities. Through this book the reader will see the practical wisdom inherent in the Filipino indigenous, cultural and philosophical traditions reflected in Filipino values, and will be able to identify and articulate the significance and positiveness of the Filipino values operatives in his life. This dictionary is intended for all Filipinos and all those who sympathize with Filipino as a reference book for their lives, studies, and courses, especially the Social Sciences, Behavioral Sciences, and Religious Sciences at all levels.</subfield>
  </datafield>
  <datafield tag="650" ind1=" " ind2="0">
   <subfield code="a">Culture</subfield>
   <subfield code="z">Philippines</subfield>
   <subfield code="v">Dictionaries.</subfield>
  </datafield>
  <datafield tag="650" ind1=" " ind2="0">
   <subfield code="a">Values</subfield>
   <subfield code="z">Philippines</subfield>
   <subfield code="v">Dictionaries.</subfield>
  </datafield>
  <datafield tag="905" ind1=" " ind2=" ">
   <subfield code="a">FI</subfield>
  </datafield>
  <datafield tag="852" ind1="0" ind2=" ">
   <subfield code="a">UPBAG</subfield>
   <subfield code="b">UPBAG-MAIN</subfield>
   <subfield code="h">HM 101 A53</subfield>
  </datafield>
  <datafield tag="942" ind1=" " ind2=" ">
   <subfield code="a">Book</subfield>
  </datafield>
 </record>
</collection>
